Minor surgery in practice / (Record no. 36902)
[ view plain ]
| 000 -LEADER | |
|---|---|
| fixed length control field | 01039nam a2200313 a 4500 |
| 001 - CONTROL NUMBER | |
| control field | 36902 |
| 003 - CONTROL NUMBER IDENTIFIER | |
| rucl marc code | BD-RjUL |
| 005 - DATE AND TIME OF LATEST TRANSACTION | |
| control field | 20211209052545.0 |
| 008 - FIXED-LENGTH DATA ELEMENTS--GENERAL INFORMATION | |
| fixed length control field | 140922s1994 enka b 001 0 eng c |
| 020 ## - INTERNATIONAL STANDARD BOOK NUMBER | |
| International Standard Book Number | 9780521566957 |
| 035 ## - SYSTEM CONTROL NUMBER | |
| System control number | (BD-RjUL)37004 |
| 040 ## - CATALOGING SOURCE | |
| Original cataloging agency | DNLM/DLC |
| Transcribing agency | DLC |
| Modifying agency | DLC |
| -- | BD-RjUL |
| Language of cataloging | eng |
| 041 ## - LANGUAGE CODE | |
| Language code of text/sound track or separate title | eng |
| 060 00 - NATIONAL LIBRARY OF MEDICINE CALL NUMBER | |
| Classification number | WO 192 S679m 1994 |
| 082 00 - DEWEY DECIMAL CLASSIFICATION NUMBER | |
| Classification number | 617.024 |
| Edition number | 20 |
| Author mark and year | SOM 1994 |
| 100 1# - MAIN ENTRY--PERSONAL NAME | |
| Personal name | Sodera, Vija K. |
| 9 (RLIN) | 112654 |
| 245 10 - TITLE STATEMENT | |
| Title | Minor surgery in practice / |
| Statement of responsibility, etc. | Vija K. Sodera |
| 260 ## - PUBLICATION, DISTRIBUTION, ETC. (IMPRINT) | |
| Place of publication, distribution, etc. | Cambridge ; |
| -- | New York, NY, USA : |
| Name of publisher, distributor, etc. | Cambridge University Press, |
| Date of publication, distribution, etc. | 1994. |
| 300 ## - PHYSICAL DESCRIPTION | |
| Pagination | xvi, 356 p. : |
| Illustrations | ill. (some col.) ; |
| Size | 29 cm. |
| 504 ## - BIBLIOGRAPHY, ETC. NOTE | |
| Bibliography, etc | Includes bibliographical references and index. |
| 650 #0 - SUBJECT ADDED ENTRY--TOPICAL TERM | |
| Topical term or geographic name as entry element | Surgery, Minor. |
| 9 (RLIN) | 112655 |
| Topical term or geographic name as entry element | Ambulatory surgery. |
| 9 (RLIN) | 112656 |
| Topical term or geographic name as entry element | Surgery, Minor |
| General subdivision | methods. |
| 9 (RLIN) | 112657 |
| Topical term or geographic name as entry element | Ambulatory Surgery |
| General subdivision | methods. |
| 9 (RLIN) | 112658 |
| Topical term or geographic name as entry element | Ambulatory Care Facilities |
| General subdivision | organization & adminiatration. |
| 9 (RLIN) | 112659 |
| 942 ## - ADDED ENTRY ELEMENTS (KOHA) | |
| Source of classification or shelving scheme | Dewey Decimal Classification |
| Koha item type | Books |
| Lost status | Source of classification or shelving scheme | Damaged status | Not for loan | Collection code | Permanent Location | Current Location | Shelving location | Date acquired | Cost, normal purchase price | Total Checkouts | Full call number | Date last seen | Copy number | Koha item type |
|---|---|---|---|---|---|---|---|---|---|---|---|---|---|---|
| Dewey Decimal Classification | Not For Loan | Non-fiction | Institute of Biological Sciences (IBSc) Library | Institute of Biological Sciences (IBSc) Library | 22/09/2014 | 370.00 | 617.024 SOM 1994 | 22/09/2014 | C-1 | Books |